| 000 | 01526nam a2200361 i 4500 | ||
|---|---|---|---|
| 001 | 768714001 | ||
| 003 | CO-MdFUSB | ||
| 005 | 20260413142558.0 | ||
| 007 | ta | ||
| 008 | 241104t -us||||| |||| 001 0 spa d | ||
| 020 | _a978-1-84871-151-8 | ||
| 040 |
_bspa. _aCO-MdFUSB _cCO-MdFUSB _dCO-MdFUSBC _erda |
||
| 041 |
_aspa _heng |
||
| 082 |
_223 _a248.4 _bR994 |
||
| 100 |
_aRyle, J.C. (John Charles), _eautor |
||
| 240 | _aPractical religion. | ||
| 245 |
_aCristianismo práctico _c/ J. C. Ryle ; traducido por Ana Juliá Cristóbal , Juan Sánchez Araujo |
||
| 264 | 1 |
_aEdimburgo, Reino Unido : _bEl Estandarte de la Verdad, _c[2012] |
|
| 264 | 4 | _c©2012 | |
| 300 |
_a543 páginas _c; 21 cm |
||
| 336 |
_2rdacontent _atexto _btxt |
||
| 337 |
_2rdamedia _asin mediación _bn |
||
| 338 |
_2rdacarrier _avolumen _bnc |
||
| 500 | _aIncluye índice | ||
| 505 | _aIntrospección personal. -- Esfuerzo personal. -- Autenticidad. -- Oración. -- La lectura de la Biblia. -- Acudir a la Mesa. -- Amor. -- Celo. -- Libertad. -- Felicidad. -- Formalismo. -- El mundo. -- Riquezas y pobreza. -- El mejor amigo. -- Enfermedad. -- La familia de Dios. -- ¡Nuestro hogar! -- Herederos de Dios. -- La gran reunión. -- La gran separación. -- La eternidad. | ||
| 563 | _aRústico | ||
| 650 | 0 |
_aVida cristiana _919 |
|
| 650 | 7 |
_aTeología doctrinal _9179 |
|
| 700 |
_aCristóbal, Ana Juliá, _911043 _etraductor |
||
| 700 |
_aSánchez Araujo, Juan, _95298 _etraductor |
||
| 942 | _cBK | ||
| 945 | _aCatherine Arias Alvarez | ||
| 999 |
_c71158 _d71158 |
||